Future Capitals of Countries - Statistics

General Stats
  • This quiz has been taken 22 times
    20 since last reset
  • The average score is 3 of 7
Answer Stats
Country Current Capital Date Future Capital % Correct
Egypt Cairo TBA New Administrative Capital
76%
Indonesia Jakarta August 17, 2024 (Postponed) Nusantara
65%
Montserrat (United Kingdom) Plymouth TBA Little Bay
41%
Equatorial Guinea Malabo TBA Djibloho
29%
Philippines Manila 2030 New Clark City
29%
South Korea Seoul 2030 Sejong
29%
South Sudan Juba TBA Ramciel
24%
No matching quizzes found
Score Distribution
Percent of People with Each Score
Percentile by Number Answered
Your Score History
You have not taken this quiz since the last reset